<?xml version="1.0" encoding="UTF-8"?>
<record
    xmlns:xsi="http://www.w3.org/2001/XMLSchema-instance"
    xsi:schemaLocation="http://www.loc.gov/MARC21/slim http://www.loc.gov/standards/marcxml/schema/MARC21slim.xsd"
    xmlns="http://www.loc.gov/MARC21/slim">

  <leader>02229cam a2200337Ia 4500</leader>
  <controlfield tag="001">6171430</controlfield>
  <controlfield tag="005">20220326193325.0</controlfield>
  <controlfield tag="008">070413s2007    nyua          000 0 eng d</controlfield>
  <datafield tag="020" ind1=" " ind2=" ">
    <subfield code="a">9780870707117</subfield>
  </datafield>
  <datafield tag="020" ind1=" " ind2=" ">
    <subfield code="a">0870707116 (pbk)</subfield>
  </datafield>
  <datafield tag="035" ind1=" " ind2=" ">
    <subfield code="a">(OCoLC)ocn123085090</subfield>
  </datafield>
  <datafield tag="035" ind1=" " ind2=" ">
    <subfield code="a">(OCoLC)123085090</subfield>
  </datafield>
  <datafield tag="035" ind1=" " ind2=" ">
    <subfield code="a">(NNC)6171430</subfield>
  </datafield>
  <datafield tag="040" ind1=" " ind2=" ">
    <subfield code="a">ZMC</subfield>
    <subfield code="c">ZMC</subfield>
    <subfield code="d">BAKER</subfield>
    <subfield code="d">OrLoB-B</subfield>
  </datafield>
  <datafield tag="082" ind1=" " ind2=" ">
    <subfield code="a">759.987</subfield>
    <subfield code="b">E377a</subfield>
  </datafield>
  <datafield tag="090" ind1=" " ind2=" ">
    <subfield code="a">ND439.R484</subfield>
    <subfield code="b">A76 2007</subfield>
  </datafield>
  <datafield tag="100" ind1="1" ind2=" ">
    <subfield code="a">Elderfield, John.</subfield>
    <subfield code="9">2831</subfield>
  </datafield>
  <datafield tag="245" ind1="1" ind2="0">
    <subfield code="a">Armando Rever&#xF3;n /</subfield>
    <subfield code="c">John Elderfield, Luis P&#xE9;rez-Oramas and Nora Lawrence.</subfield>
  </datafield>
  <datafield tag="260" ind1=" " ind2=" ">
    <subfield code="a">New York:</subfield>
    <subfield code="b">Museum of Modern Art;</subfield>
    <subfield code="a">London:</subfield>
    <subfield code="b">Thames &amp; Hudson [distributor],</subfield>
    <subfield code="c">&#xA9;2007</subfield>
  </datafield>
  <datafield tag="300" ind1=" " ind2=" ">
    <subfield code="a">240 p.:</subfield>
    <subfield code="b">ill (some col.);</subfield>
    <subfield code="c">26 cm.</subfield>
  </datafield>
  <datafield tag="505" ind1="0" ind2="0">
    <subfield code="t">The natural history of Armando Reveron /</subfield>
    <subfield code="r">John Elderfield --</subfield>
    <subfield code="t">Armando Reveron and modern art in Latin America /</subfield>
    <subfield code="r">Luis Perez-Oramas --</subfield>
    <subfield code="t">Catalogue /</subfield>
    <subfield code="r">Nora Lawrence --</subfield>
    <subfield code="t">Early works --</subfield>
    <subfield code="t">Early landscapes --</subfield>
    <subfield code="t">Portraits of the 1930s --</subfield>
    <subfield code="t">Landscapes of the 1940s --</subfield>
    <subfield code="t">Figural works of the 1940s --</subfield>
    <subfield code="t">Self-portraits --</subfield>
    <subfield code="t">Dolls and objects --</subfield>
    <subfield code="t">El Castillete --</subfield>
    <subfield code="t">Autobiographical statement --</subfield>
    <subfield code="t">Interview with Reveron.</subfield>
  </datafield>
  <datafield tag="520" ind1="1" ind2=" ">
    <subfield code="a">"This volume celebrates the work of the Venezuelan artist Armando Reveron (1889-1954). This very first publication on Reveron in English accompanies an exhibition at The Museum of Modern Art in early 2007. John Elderfield gives a newly comprehensive account of the artist's development in the context of modern art, while Luis Perez-Oramas places Reveron in relation to Latin American art. More than 100 works - paintings, drawings, and objects - are illustrated in the catalogue, which includes introductory texts by Nora Lawrence. An autobiographical statement by Reveron and an interview with him, a bibliographical note, and an index conclude the publication."--BOOK JACKET.</subfield>
  </datafield>
  <datafield tag="600" ind1="1" ind2="0">
    <subfield code="a">Rever&#xF3;n, Armando,</subfield>
    <subfield code="d">1889-1954</subfield>
    <subfield code="x">Criticism and interpretation.</subfield>
    <subfield code="9">2832</subfield>
  </datafield>
  <datafield tag="600" ind1="1" ind2="0">
    <subfield code="a">Rever&#xF3;n, Armando,</subfield>
    <subfield code="d">1889-1954</subfield>
    <subfield code="v">Exhibitions.</subfield>
    <subfield code="9">2833</subfield>
  </datafield>
  <datafield tag="650" ind1=" " ind2="0">
    <subfield code="a">Painting, Venezuelan</subfield>
    <subfield code="v">Exhibitions.</subfield>
    <subfield code="9">2834</subfield>
  </datafield>
  <datafield tag="700" ind1="1" ind2=" ">
    <subfield code="a">P&#xE9;rez Oramas, Luis,</subfield>
    <subfield code="d">1960-</subfield>
    <subfield code="9">2835</subfield>
  </datafield>
  <datafield tag="700" ind1="1" ind2=" ">
    <subfield code="a">Rever&#xF3;n, Armando,</subfield>
    <subfield code="d">1889-1954.</subfield>
    <subfield code="9">2836</subfield>
  </datafield>
  <datafield tag="700" ind1="1" ind2=" ">
    <subfield code="a">Lawrence, Nora.</subfield>
    <subfield code="9">2837</subfield>
  </datafield>
  <datafield tag="900" ind1=" " ind2=" ">
    <subfield code="b">TOC</subfield>
  </datafield>
  <datafield tag="948" ind1="1" ind2=" ">
    <subfield code="a">20070503</subfield>
    <subfield code="b">c</subfield>
    <subfield code="c">rhg9</subfield>
    <subfield code="d">SCMC</subfield>
  </datafield>
  <datafield tag="999" ind1=" " ind2=" ">
    <subfield code="c">631</subfield>
    <subfield code="d">631</subfield>
  </datafield>
  <datafield tag="952" ind1=" " ind2=" ">
    <subfield code="0">0</subfield>
    <subfield code="1">0</subfield>
    <subfield code="2">ddc</subfield>
    <subfield code="4">0</subfield>
    <subfield code="7">0</subfield>
    <subfield code="a">LV</subfield>
    <subfield code="b">LV</subfield>
    <subfield code="c">Monograf&#xED;as</subfield>
    <subfield code="d">2015-05-27</subfield>
    <subfield code="l">0</subfield>
    <subfield code="o">759.987 E377a</subfield>
    <subfield code="p">000991</subfield>
    <subfield code="r">2015-05-27 00:00:00</subfield>
    <subfield code="w">2015-05-27</subfield>
    <subfield code="y">01</subfield>
  </datafield>
</record>
